Children's parties

Bibliographic Details
Main Author: Asher's, Jane
Format: Book
Published: London : Pelham Books , 1988
Subjects:

MARC

LEADER 00000cam a2200000 7i4500
001 0000008368
005 20120615.0
020 |a 0720718481 
090 0 0 |a 793.21   |b ASH 
100 1 |a Asher's, Jane 
245 1 0 |a Children's parties   |c Jane Asher's 
260 |a London :   |b Pelham Books ,   |c 1988 
300 |a 128p. :   |b ill. ;   |c 26cm. 
650 0 0 |a Parties 
999 |a 022035   |b BUKU   |c PINJAMAN   |e PERPUSTAKAAN KOMUNITI PETALING JAYA